000 03957nkm0a2200589 4500
001 RU\NLR\BIBL_A\022627372
005 20260204000000.0
020 _aRU
_b44-2524 (1944, № 3-4)
_9Летопись изоизданий / ВКП. - Москва, 1948. - Вып. 1944, № 3-4. - С. 79
035 _a(NLR Aleph) 022627372
071 5 0 _a25 г
_d8 коп.
090 _a89047
_c89047
100 _a20250922d1944 u y0rusy50 ca
101 0 _arus
102 _aRU
116 _aiiycxx bi ae
135 _acrcn 024anaba
181 0 _ab4
_bxb2e
182 0 _an
200 1 _aДа здравствует победа англо-советско-американского союза!
_e[закрытое письмо]
_fрис. А. Лаптева
203 _aИзображение
_bнеподвижное
_bдвухмерное
_bвизуальное
_cнепосредственное
210 _a[Москва]
_c"Советский график" по заказу Московской конторы Главбумсбыта
_d[1944]
215 _a1 л. (слож. вдвое)
_cцв. литогр.
_d20,5х15,4 (10,3х15,4)
300 _aНа закрытом письме также текст: "Смерть немецким захватчикам!"
300 _aЗаказчик - Московская контора Главного управления по сбыту продукции целлюлозно-бумажной промышленности Народного комиссариата целлюлозной и бумажной промышленности
300 _aДата публикации установлена по: Летопись изобразительного искусства. 1944. № 3-4. № 2524
301 _aИзд. номер: № 25 г
309 _aДвойной формуляр, без клеевой полосы
325 _aКопия доступна в Электрон. б-ке РНБ
327 0 _aГосударственные флаги Великобритании, СССР, США
606 1 _aПочтовые открытки маркированные художественные
_yСССР
_z1941 - 1945
_2nlr_sh2
_3RU\NLR\AUTH\661531868
606 1 _aФлаги государственные
_jОткрытки
_2nlr_sh1
_2nlr_sh2
_3RU\NLR\AUTH\661194580
606 1 _aВторая мировая война
_z1939 - 1945
_xАнтигитлеровская коалиция
_jОткрытки
_2nlr_sh1
_2nlr_sh2
_3RU\NLR\AUTH\6650747
610 1 _aЗакрытые письма
686 1 _aЩ153(2)7-489
700 1 _aЛаптев
_bА. М.
_cхудожник, поэт
_f1905-1965
_gАлексей Михайлович
_3RU\NLR\AUTH\7773046
_4040
712 0 1 _aСССР
_bГлавное управление по сбыту продукции целлюлозно-бумажной промышленности
_bМосковская контора
_3RU\NLR\AUTH\880618212
_4570
712 0 2 _a"Советский график", всероссийское товарищество художников-графиков
_3RU\NLR\AUTH\880618204
_4650
830 _aТехника печати - см. Летопись изоизданий. АЯ ОЭФ
830 _ahttps://goskatalog.ru/portal/#/collections?id=506625 (22.09.2025). АЯ ОЭФ
852 0 0 _aNLR
_bЭ
_jО-ЗП-3/1944-Л
_mЭот100991
856 0 _uhttps://vivaldi.nlr.ru/lo500003973/view
856 1 _uhttps://vivaldi.nlr.ru/lo500003973/cover
856 2 _uhttps://vivaldi.nlr.ru/lo500003973/text
942 _cVISUAL
945 _aРоссийская национальная библиотека
980 _aNB
980 _aBV
981 1 7 _a(17) Изографические материалы
_b(17) Открытки